000 00625nam a22001817a 4500
005 20251108165156.0
008 250721s1975 xx 000 0 ara d
082 1 4 _a818.02/ثعا
100 1 _aالثعالبي، أبو منصور عبد الملك بن محمد
245 1 0 _aالإقتباس من القرآن الكريم /
264 1 _aبغداد :
_bدار الحرية للطباعة،
_c1975.
300 _a327ص : فهارس
650 1 7 _aالأدب العربي
650 1 7 _aالحكم (الأمثال)
700 1 _aالصفار، إبتسام مرهون
_eتحقيق
942 _2ddc
_cBK
999 _c21320
_d21320